000 00389nam a22001577a 4500
003 MPLRDC
005 20220104143304.0
008 210129b ||||| |||| 00| 0 eng d
082 _a738.6 ZMZ-2 c.2
100 _a锺敏璋编著
245 _a马来亚地理
_c
260 _a
_b东南亚出版社
_c
300 _b
650 _a东南亚--马来西亚
942 _cBK
_o738.6 ZMZ-2 c.2
999 _c38440
_d38430